| 000 | 00717nam a2200193 i 4500 | ||
|---|---|---|---|
| 001 | 57688 | ||
| 003 | ES-MaACL | ||
| 007 | t| | ||
| 008 | 031017s1912 xxu ||||1| eng d | ||
| 100 | 1 |
_aDorsey, James Owen. _945435 |
|
| 245 | 1 | 2 |
_aA dictionary of the Biloxi and of languages accompanied with thirty one biloxi texts and numeroux biloxi phrases / _cby James Owen Dorsey and John R. Swanton. |
| 260 |
_aWashington : _bGovernment Printing Office, _c1912. |
||
| 300 |
_a340 p. ; _c24 cm. |
||
| 490 | 1 |
_aBureau of American ethnology Bulletin ; _v47 |
|
| 700 | 1 |
_aSwanton, John R. _9108923 |
|
| 830 | 0 |
_aBureau of American ethnology Bulletin ; _v47 _9181779 |
|
| 852 |
_aES-MaACL _jG-15402 |
||
| 999 |
_c57688 _d57688 |
||